000 00971nam a2200229Ii 4500
003 JO-AjNU
008 230605s9999||||xx |||||||||||||| ||und||
017 _a1997/8/1239
020 _a978-9957-00-005-5
040 _aJO-AjNU
_bara
_erda
_cJO-AjNU
041 _aara
050 1 4 _aBF721.R55.2008
100 3 _aالريماوي،محمد عوده ,
_eauthor
_922732
245 0 0 _aفي علم نفس الطفل
250 _aالطبعة العربية الاولى الاصدار الرابع
264 3 1 _aعمان:دار الشروق للنشر والتوزيع ، 2008
300 _a432ص
_bفهرس الاعلام من ص 387-ص407 ، فهرس المصطلحات من ص 409-ص427 ، فهرس الاشكال من ص429-ص431 ، فهرس الجداول ص432
336 _atext
_btxt
_2rdacontent
337 _aunmediated
_bn
_2rdamedia
338 _avolume
_bnc
_2rdacarrier
650 4 _aالفلسفة وعلم النفس-الاطفال-علم النفس
_922733
999 _aA8115
_c11683
_d11683